Biografi Agung RASULULLAH Sallallahu Alayhi Wasallam /

Bibliographic Details
Main Author: Rusydi Ramli Al-Jauhari, 1973- (Author)
Format: Book
Language:Malay
Subjects:
LEADER 01304cam a2200361 7i4500
001 0000019947
005 20240718090000.0
005 ##20171030163100.0
003 ##MY-KlINT
008 200301t20122012my ao g b may
020 # # |a 9789675426902  
039 # 9 |a 201710301631  |b afmi  |y 201511041228  |z VLOAD 
040 # # |a INTS 
082 0 0 |a 297.63 
090 0 0 |a 297.63   |b RUS 
100 1 # |a Rusydi Ramli Al-Jauhari,   |d 1973-   |e author 
245 1 0 |a Biografi Agung RASULULLAH Sallallahu Alayhi Wasallam /   |c Rusydi Ramli al-Jauhari. 
264 # 0 |a ♭2012 
264 # 0 |a Kuala Lumpur  |b Must Read Sdn Bhd  |c 2012 
300 # # |a xii, 368 pages:   |b colour illustrations;   |c 26cm. 
336 # # |a text  |2 rdacontent 
337 # # |a unmediated  |2 rdamedia 
338 # # |a volume  |2 rdacarrier 
500 # # |a Contains verses from the Qur'an 
504 # # |a Bibliography: pages [369-370] 
583 # # |a Cataloging in progress 
600 0 0 |a Muhammad,   |c Prophet,   |d -632 
600 0 0 |a Muhammad,   |c Prophet,   |d -632 
997 # # |a INTS IKWS INTIM 
998 # # |a 0-4175 0-4603 2016/578 400010731 400010732 400010733 
999 |a 0000004175  |b BOOK  |c Main Non-Fiction  |e BK- Koleksi INTAN - Aras 1 
999 |a 0000004603  |b BOOK  |c Main Non-Fiction  |e BK- Koleksi INTAN - Aras 1 
999 |a 400010731  |b BOOK  |c Main Non-Fiction  |e INTAN Kampus Wilayah Timur